20 titres les plus écoutés de Nightwish - Statistiques

Statistiques générales
  • Ce quiz a été pris 10 fois
  • Le résultat moyen est 9 sur 20
Statistiques - réponses
Nb. d'écoutes Album % Correct
+ 126 000 000 Once Nemo
88%
+ 31 000 000 Wishmaster Wishmaster
75%
+ 55 000 000 Over The Hills And Far Away Over The Hills And Far Away
63%
+ 69 000 000 Century Child The Phantom Of The Opera
63%
+ 128 000 000 Dark Passion Play Amaranth
50%
+ 20 000 000 Century Child Bless The Child
50%
+ 25 000 000 Once Ghost Love Score
50%
+ 37 000 000 HUMAN. :||:NATURE. Noise
50%
+ 50 000 000 Imaginaerum Storytime
50%
+ 27 000 000 Endless Forms Most Beautiful Alpenglow
38%
+ 61 000 000 Dark Passion Play Bye Bye Beautiful
38%
+ 32 000 000 Once Dark Chest of Wonders
38%
+ 62 000 000 Endless Forms Most Beautiful Élan
38%
+ 30 563 000 Century Child Ever Dream
38%
+ 35 000 000 Imaginaerum Last Ride of the Day
38%
+ 40 000 000 Oceanborn Sleeping Sun
38%
+ 109 000 000 Once Wish I Had an Angel
38%
+ 48 000 000 Century Child End Of All Hope
25%
+ 24 000 000 Dark Passion Play The Islander
13%
+ 30 493 000 The Sound Of Nightwish Reborn While Your Lips Are Still Red
0%
Aucun quiz correspondant
Distribution des résultats
% des personnes avec chaque résultat
Percentile par nombre de réponses
Votre historique - résultats
Vous n’avez pas pris ce quiz